000
00286nam a2200109Ia 4500
008
221009s9999 xx 000 0 und d
082
_a
920/MIT
100
_a
Mittal, Dr S S
_9
15730
245
4
_a
The Social and Political Ideas of Swami Vivekananda
260
_b
Metropolitan
942
_c
BK
999
_c
64768
_d
64768